Effict of sulf adine on eimeria in gastrointestine of cattle in sre ronong commune, tram kak district, takeo province, ប្រសិទ្ធភាព SULFADINE ទៅលើ EIMERIA ក្នុងក្រពះពោះវៀនគោនៅឃុំស្រែរនោង ស្រុកត្រាំកក់ ខេត្តតាកែវ (Record no. 10642)

000 -LEADER
fixed length control field 00648nam a22001337a 4500
040 ## - CATALOGING SOURCE
Transcribing agency RUA
082 ## - DEWEY DECIMAL CLASSIFICATION NUMBER
Classification number VEM OUK 2015 B525 Or.1
100 ## - MAIN ENTRY--AUTHOR NAME
Personal name OUK VANNY; អ៊ួក វន្នី
245 ## - TITLE STATEMENT
Title Effict of sulf adine on eimeria in gastrointestine of cattle in sre ronong commune, tram kak district, takeo province, ប្រសិទ្ធភាព SULFADINE ទៅលើ EIMERIA ក្នុងក្រពះពោះវៀនគោនៅឃុំស្រែរនោង ស្រុកត្រាំកក់ ខេត្តតាកែវ
260 ## - PUBLICATION, DISTRIBUTION, ETC. (IMPRINT)
Place of publication RUA
Name of publisher OUK
Year of publication 2015
300 ## - PHYSICAL DESCRIPTION
Number of Pages x,52p.
Other physical details ill.
Dimensions 29cm.
856 ## - ELECTRONIC LOCATION AND ACCESS
Uniform Resource Identifier OUK VANNY
942 ## - ADDED ENTRY ELEMENTS (KOHA)
Koha item type AED
952 ## - LOCATION AND ITEM INFORMATION (KOHA)
Withdrawn status [LOCAL, KOHA] 0
952 ## - LOCATION AND ITEM INFORMATION (KOHA)
Withdrawn status [LOCAL, KOHA] 0
952 ## - LOCATION AND ITEM INFORMATION (KOHA)
Withdrawn status [LOCAL, KOHA] 0
952 ## - LOCATION AND ITEM INFORMATION (KOHA)
Withdrawn status [LOCAL, KOHA] 0
952 ## - LOCATION AND ITEM INFORMATION (KOHA)
Withdrawn status [LOCAL, KOHA] 0
952 ## - LOCATION AND ITEM INFORMATION (KOHA)
Withdrawn status [LOCAL, KOHA] 0
952 ## - LOCATION AND ITEM INFORMATION (KOHA)
Withdrawn status [LOCAL, KOHA] 0
952 ## - LOCATION AND ITEM INFORMATION (KOHA)
Withdrawn status [LOCAL, KOHA] 0
952 ## - LOCATION AND ITEM INFORMATION (KOHA)
Withdrawn status [LOCAL, KOHA] 0
952 ## - LOCATION AND ITEM INFORMATION (KOHA)
Withdrawn status [LOCAL, KOHA] 0
952 ## - LOCATION AND ITEM INFORMATION (KOHA)
Withdrawn status [LOCAL, KOHA] 0
Holdings
Permanent Location Date acquired Koha item type Lost status Shelving location Barcode Current Location Full call number
Library Block B2016-11-01AED B525RUA060622Library Block BVEM OUK 2015 B525 Or.1
Library Block B2016-11-01AED B525RUA060805Library Block BVEM OUK 2015 B525 Or.2
Library Block B2016-11-01AED B525RUA060931Library Block BVEM OUK 2015 B525 Or.3
Library Block B2016-11-01AED B525RUA060032Library Block BVEM OUK 2015 B525 Or.4
Library Block B2016-11-01AED B525RUA060243Library Block BVEM OUK 2015 B525 Or.5
Library Block B2016-11-01AED B525RUA060676Library Block BVEM OUK 2015 B525 Or.6
Library Block B2016-11-01AED B525RUA060858Library Block BVEM OUK 2015 B525 Or.7
Library Block B2016-11-01AED B525RUA060918Library Block BVEM OUK 2015 B525 Or.8
Library Block B2021-11-08AED B690A066825Library Block BVEM OUK 2015 B690 Or.1
Library Block B2021-11-08AED B690A066769Library Block BVEM OUK 2015 B690 Or.1
Library Block B2021-11-08AED B690a067019Library Block BVEM OUK 2015 B690 Or.1
មជ្ឈមណ្ឌលឯការនៃសាកលវិទ្យាល័យភូមិន្ទកសិកម្មចំការដូង

Powered by Koha